LEADER 01051nam a2200277 4500 001 000000344157 003 CaOOAMICUS 005 20210210103528.0 008 210204s1996 it 000 u ita r 020 $a88-7091-062-8 040 $aSeMil$bita 100 1 $aTode, Emil.$0(OLS)http://semarc/name/112976 240 10$aPiiririik.$0(OLS)http://semarc/title/433234 245 10$aTerra di confine /$cEmil Tode ; prefazione di Pirkko Peltonen. 264 1$aMilano :$bIperborea,$c1996. 300 $a169 p. ;$c20 cm 541 0 $aFondo mons. Pasquale Macchi (1V II 406) 700 1 $aPeltonen, Pirkko.$0(OLS)http://semarc/name/47417 850 $aSeMil 852 $aSeMil$W1$xVenegono$y1$m1V II 406$j224025$B235187$CSeMilBibl$Z2$F235187 $81 941 1 $a8 961 $aFondo mons. Pasquale Macchi 996 $6020$a88-7091-062-8$9(OLS)http://semarc/number/292294 996 $6245$aTerra di confine$9(OLS)http://semarc/title/433235 996 $6264$aMilano :$bIperborea$9(OLS)http://semarc/publisher/34755 LEADER 01096nam a2200265 i 4500 001 000000193494 003 CaOOAMICUS 005 20150420000000.0 008 150420s1964 it u000 u mul u 013 $a172137 040 $aSeMil$bita 100 1 $aLori, Ida.$0(OLS)http://semarc/name/70462 245 10$aParlo francese :$bvocaboli e fraseologia con pronuncia figurata /$cIda Lori. 260 $aMilano [etc.] :$bVallardi,$c1964. 300 $a200, XX p. ;$c17 cm. 490 0 $aManuali di conversazione 500 $aFondo card. Giovanni Colombo. 650 4$aLingua francese - Dizionari, vocabolari, glossari, etc.$0(OLS)http://semarc/subject/1314 830 0$aManuali di conversazione.$0(OLS)http://semarc/title/8352 850 $aSeMil 852 $aSeMil$W1$xVenegono$y1$m3GC I 296$j144068$B144068$CSeMilBibl$Z2$F155513 $8B 941 1 $a3 961 $aLascito: Colombo Card. Giovanni 996 $6245$aParlo francese :$bvocaboli e fraseologia con pronuncia figurata$9(OLS)http://semarc/title/278934 996 $6260$aMilano [etc.] :$bVallardi$9(OLS)http://semarc/publisher/36158